Normal view
MARC view
- Prensa
Entry Materia
001 - NÚMERO DE CONTROL DEL REGISTRO
- campo de control: 25910
003 - IDENTIFICADOR DE NUMERO DE CONTROL
- campo de control: MX-MxUPN
005 - FECHA Y HORA DE LA ÚLTIMA TRANSACCIÓN
- campo de control: 20240417161213.0
008 - DATOS DE LONGITUD FIJA
- campo de control de longitud fija: 240417nnbannnnaabc n aaa |d
035 ## - NÚMERO DE CONTROL DEL SISTEMA
- Número de control del sistema: UPN10000025919
040 ## - FUENTE DE LA CATALOGACIÓN
- Lengua de catalogación: spa
- Centro catalogador de origen: MX-MxUPN
150 ## - ENCABEZAMIENTO - TEMÁTICO
- Término de materia o nombre geográfico como elemento inicial: Prensa
- Subdivisión geográfica: México
- Subdivisión de materia general: Historia
- Subdivisión cronológica: Siglo XIX
670 ## - FUENTE EN LA QUE SE LOCALIZARON DATOS
- Cita de la fuente: LC Authorities, 17 abril 2024
- Información localizada: (Press - Mexico - History - 19th century)
- Identificador Uniforme del Recurso: https://authorities.loc.gov
902 ## - CATALOGADOR
- Catalogador: MCM/230817
- Catalogador: VíctorGodínez/170424
